ロード中...

Pit of vipers /

Nancy's good friend, Charlie, appears to be guilty of snake-napping from the River Heights Zoo. Meanwhile, George's brother, Scott, is being very sneaky and not acting like himself. Can these things be related? Nancy is about to find out.

書誌詳細
第一著者: Keene, Carolyn
団体著者: Copyright Paperback Collection (Library of Congress)
フォーマット: Printed Book
言語:English
出版事項: New York : Aladdin, 2006.
版:1st Aladdin Paperbacks ed.
シリーズ:Nancy Drew girl detective #18
主題:
オンライン・アクセス:http://www.loc.gov/catdir/enhancements/fy0666/2006922048-d.html
LEADER 01513cam a22003613a 4500
008 060612s2006 nyu 000 1 eng d
010 |a  2006922048 
020 |a 1416911804(pbk) 
020 |a 9781416911807 
035 |a (OCoLC)ocm70069396 
042 |a lccopycat 
082 |a 823.8 KEE/P 
100 1 |a Keene, Carolyn. 
245 1 0 |a Pit of vipers /  |c Carolyn Keene. 
250 |a 1st Aladdin Paperbacks ed. 
260 |a New York :  |b Aladdin,  |c 2006. 
300 |a 145 p. :  |c 20 cm. 
490 0 |a Nancy Drew girl detective  |v #18 
520 |a Nancy's good friend, Charlie, appears to be guilty of snake-napping from the River Heights Zoo. Meanwhile, George's brother, Scott, is being very sneaky and not acting like himself. Can these things be related? Nancy is about to find out. 
521 1 |a 008-012. 
650 0 |a Detective and mystery stories. 
650 0 |a Drew, Nancy (Fictitious character)  |v Fiction. 
650 0 |a Friendship  |v Juvenile fiction. 
650 0 |a Friendship. 
655 7 |a Children's stories.  |2 lcsh 
655 7 |a Mystery fiction.  |2 gsafd 
710 2 |a Copyright Paperback Collection (Library of Congress)  |5 DLC 
856 4 2 |u http://www.loc.gov/catdir/enhancements/fy0666/2006922048-d.html 
906 |a 7  |b cbc  |c copycat  |d 2  |e ncip  |f 20  |g y-genrareb 
942 |c BK 
955 |a vj16 2006-08-09  |h vj16 2006-08-09 
999 |c 200964  |d 200964 
952 |0 0  |1 0  |4 0  |6 823_800000000000000_KEE_P  |7 0  |9 222425  |a ENG  |b ENG  |c ST1  |d 2017-06-24  |i 17071  |l 0  |o 823.8 KEE/P  |p ENG17071  |r 2017-06-24  |w 2017-06-24  |y BK